Statistics for Name the country #2

Click here to take the quiz!

General Stats

  • This quiz has been taken 37 times
    (22 since last reset)
  • The average score is 5 of 5

Answer Stats

HintAnswer% Correct
That is with a capital that translates to 'good airs'Argentina
100%
Country with capital of ReykjavikIceland
95%
That is the only African country formed in the 21st centurySouth Sudan
95%
That is bordering only Mexico and GuatemalaBelize
91%
That used to have 'Pakistan' in its nameBangladesh
77%

Score Distribution

Percentile by Number Answered

Percent of People with Each Score

Your Score History

You have not taken this quiz since the last reset